Vận dụng mô hình vnen vào dạy học môn Tự nhiên – Xã hội lớp 3 Khóa luận tốt nghiệp
Giới thiệu thực trạng của vấn đề vận dụng mô hình vnen vào dạy học môn tự nhiên – xã hội cho học sinh lớp 3.
Đã lưu trong:
| Tác giả chính: | |
|---|---|
| Định dạng: | Sách |
| Năm xuất bản: |
Quảng Bình
Trường Đại học Quảng Bình
2017
|
| Chủ đề: | |
| Tags: |
Thêm thẻ
Không có thẻ, Hãy là người đầu tiên gắn thẻ bản ghi này!
|
| LEADER | 00937nam a2200193 4500 | ||
|---|---|---|---|
| 999 | |c 14558 |d 14558 | ||
| 082 | |a 372.357 |b PH104TH | ||
| 100 | |a Phạm Thị Thảo Nguyên | ||
| 245 | |a Vận dụng mô hình vnen vào dạy học môn Tự nhiên – Xã hội lớp 3 |b Khóa luận tốt nghiệp |c Phạm Thị Thảo Nguyên; Đoàn Kim Phúc hướng dẫn | ||
| 260 | |a Quảng Bình |c 2017 |b Trường Đại học Quảng Bình | ||
| 300 | |a 126tr. |c 29 cm | ||
| 520 | |a Giới thiệu thực trạng của vấn đề vận dụng mô hình vnen vào dạy học môn tự nhiên – xã hội cho học sinh lớp 3. | ||
| 653 | |a Giáo dục Tiểu học | ||
| 653 | |a Mô hình Vnen | ||
| 653 | |a Tự nhiên-Xã hội | ||
| 653 | |a Lớp 3 | ||
| 653 | |a Khóa luận | ||
| 942 | |2 ddc |c SH | ||
| 952 | |0 0 |1 0 |2 ddc |4 0 |6 372_357000000000000_PH104TH |7 0 |8 300 |9 111600 |a qbu |b qbu |c D1 |d 2017-08-22 |o 372.357 PH104TH |p LA526.c1 |r 2017-08-22 |w 2017-08-22 |y KL | ||